00443cam a2200169ua 450000100060000000800390000602000180004504000090006308200120007210000270008424500520011125000120016326000530017530000100022865300200023865300150025811916191118n ii |||gr||||Z||||||eng a9789331319319 cMAIN a331.702 a Saroj Gupta,eAuthor. aGuidance and career counsellingcBy Saroj Gupta a1st ed. aNew Delhi:bA.P.H Publishing corporation,c2016. a120p. aLabor economics aMAIN Guide